Reinterpreting Property

Մատենագիտական մանրամասներ
Հիմնական հեղինակ: M. J. Radin
Ձևաչափ: Անհայտ
LEADER 00179 a2200085 4500
020 |a 9780226702285 
100 |a M. J. Radin  |9 60201 
245 |a Reinterpreting Property 
942 |c BK 
999 |c 47720  |d 47720